|
|
|
|
| LEADER |
000000ss a2200000 a 4500 |
| 001 |
22714 |
| 005 |
20230308221905.0 |
| 008 |
000000| ||||||||r|||||||||||spa|| |
| 040 |
|
|
|b spa
|
| 041 |
0 |
|
|a Es
|
| 082 |
0 |
|
|a 305
|b O62c
|
| 110 |
|
|
|a Organización de los Estados Americanos
|9 286242
|
| 245 |
|
|
|a Ciencias Sociales
|h imp
|
| 264 |
|
|
|a Washington
|b Organización de los Estados Americanos
|c Junio 1956
|
| 362 |
|
|
|a VII; no. 38
|
| 650 |
1 |
|
|a Revista ciencias sociales
|9 306984
|
| 852 |
|
|
|a UC-CDJBV
|f Donación
|k mariana.feican
|l 1
|p 00000000
|q 1,50
|t 22714
|d CDRC
|e CDRC
|g 305 O62c
|z 0000-00-00
|
| 942 |
|
|
|c SER
|
| 999 |
|
|
|c 138860
|d 138860
|